Pieninský národný park

Bibliographic Details
Main Author: Danko, Štefan, 1948- (Author)
Format: Article
Language:Slovak
PhysicalDescription:Obr. 2.
Subjects:

MARC

LEADER 00000nab a2200000 a 4500
001 vtls000358459
003 SK-MaSNL
005 20260303204159.0
008 111201c1989 xo 0 slo
015 |a SNBRB19rr/mm-uuuuu 
035 |a CL0358581 
040 |a SNKBUCL  |b slo  |c SNKBUCL  |e AACR2 
041 0 |a slo 
044 |a xo  |c SK 
080 |a 502.4  |2 1981 
080 |a 911.5  |2 1981 
100 1 |a Danko, Štefan,  |d 1948-  |4 aut  |9 126116 
245 1 0 |a Pieninský národný park  |c Štefan Danko 
300 |b Obr. 2. 
650 0 7 |a príroda  |2 snkbucl  |9 3813 
651 7 |a Pieninský národný park (Slovensko)  |2 snkbucl  |9 13216 
655 7 |a články z novín a časopisov  |2 snkbucl  |9 267496 
773 0 |t Vysoké Tatry  |g Roč. 28, č. 3 (1989), s. 30-31 
850 |a Slovenská národná knižnica v Martine  |a MTA001 
852 |a SNK  |b KIS3GCP 
958 |a RK 
992 |a RBX 
999 |c 2188795  |d 2190725